Statistics for Countries that were part of the Qing dynasty

Click here to take the quiz!

General Stats

  • This quiz has been taken 126 times
  • The average score is 10 of 12

Answer Stats

Countries% Correct
Mongolia
99%
China
98%
Russia
93%
Nepal
89%
India
87%
North Korea
87%
Kazakhstan
86%
Tajikistan
85%
Taiwan
84%
Kyrgyzstan
82%
Laos
81%
Pakistan
70%

Score Distribution

Percentile by Number Answered

Percent of People with Each Score

Your Score History

You have not taken this quiz